000 00554nam a2200217Ia 4500
003 OSt
005 20220928141433.0
006 a|||||r|||| 00| 0
007 ta
008 220927b |||||||| |||| 00| 0 eng d
024 _a14982
037 _cTextual
040 _aSDCL
_cSDCL
_beng
041 _2eng
_aeng
082 _aO113:g(Y), M0
100 _aTaylor Renold
_9500121
245 0 _aLiterature and society in German 1918-1945.
260 _c1980
942 _hO113:g(Y), M0
_cTEXL
_2CC
999 _c817391
_d817391